Yield and growth of hybrids evolved from crosses between the popular clone RRII 105 and wild germplasm in rubber (Hevea brasiliensis) (Record no. 53131)

MARC details
000 -LEADER
fixed length control field 00513nam a2200133Ia 4500
100 ## - MAIN ENTRY--AUTHOR NAME
Personal name Sankariammal L
245 #0 - TITLE STATEMENT
Title Yield and growth of hybrids evolved from crosses between the popular clone RRII 105 and wild germplasm in rubber (Hevea brasiliensis)
260 ## - PUBLICATION, DISTRIBUTION, ETC. (IMPRINT)
Name of publisher Proceedings of the Golden Jubilee International Symposium, 7-9 July 2010, Assumption College, Changanacherry
700 ## - ADDED ENTRY--PERSONAL NAME
Personal name Mydin K K
700 ## - ADDED ENTRY--PERSONAL NAME
Personal name Thomas V
700 ## - ADDED ENTRY--PERSONAL NAME
Personal name Varghese Y A
942 ## - ADDED ENTRY ELEMENTS (KOHA)
Koha item type Bibliography STAF
Holdings
Withdrawn status Lost status Damaged status Not for loan Home library Current library Date acquired Koha item type
      Bibliography RRII Library RRII Library 09/04/2014 Bibliography STAF